00954nam a22002657a 45000010005000000030006000050050017000110080041000280200015000690400029000840500013001130820011001261000019001372450040001562600046001963000045002424900024002875050008003115200250003195210020005695210020005896500023006096500024006327000032006565439FISKH20241206125201.0241206b cb ||||| |||| 00| 0 eng d a0152305750 aFISKHbengcFISKHdFISKH aD804.Z85 a940.53 aKendall, Carol aThe gammage cup /cby Carol Kendall aSan Diego :bAn Odyssey Classic ;c1959 . a283 pages : billustrations ; c19 cm .  a Minnipins vBook 1 aZ  aA handful of Minnipins, a sober and sedate people, rise up against the Periods, the leading family of an isolated mountain valley, and are exiled to a mountain where they discover that the ancient enemies of their people are preparing to attack.8 a950 bLexile 8 aZ bRaz-Plus  aadventurevFiction achildren'svFiction aBlegvad, Erikeillustrator